[Event "DVM U12 2021-22"]
[Site "Naumburg"]
[Date "2022.03.27"]
[Round "5"]
[White "Pimenov, Danil"]
[Black "Detjen, Mattes"]
[Result "1-0"]
[WhiteElo "1227"]
[BlackElo "1124"]
[Annotator "NA"]
[PlyCount "82"]
[EventDate "2022.03.25"]
[EventType "team-tourn"]
[EventRounds "7"]
[EventCountry "GER"]
[SourceTitle "playchess.com"]
[Source "ChessBase"]
[SourceQuality "1"]
[TimeControl "40/5400+30:1800+30"]

1. e4 {[%emt 0:00:04]} e5 {[%emt 0:00:06]} 2. Nf3 {[%emt 0:00:10]} Nc6 {[%emt 0:00:09]} 3. d4 {[%emt 0:00:10]} exd4 {[%emt 0:00:20]} 4. Bc4 {[%emt 0:00:07]} Nf6 {[%emt 0:01:22]} 5. e5 {[%emt 0:00:21]} Ne4 {[%emt 0:04:55]} 6. O-O {[%emt 0:01:47]} d5 {[%emt 0:02:54]} 7. Bb5 {[%emt 0:00:22]} Bd7 {[%emt 0:00:53]} 8. Bxc6 {[%emt 0:00:37]} Bxc6 {[%emt 0:02:44]} 9. Nxd4 {[%emt 0:00:18]} Qd7 {[%emt 0:05:09]} 10. f3 {[%emt 0:02:22]} Nc5 {[%emt 0:02:50]} 11. Be3 {[%emt 0:01:21]} Ne6 {[%emt 0:02:54]} 12. Nd2 {[%emt 0:01:10]} Bc5 {[%emt 0:01:28]} 13. N2b3 {[%emt 0:00:57]} Bb6 {[%emt 0:02:22]} 14. f4 {[%emt 0:01:23]} O-O {[%emt 0:05:26]} 15. f5 {[%emt 0:01:03]} Nxd4 {[%emt 0:01:29]} 16. Bxd4 {[%emt 0:00:26]} Bxd4+ {[%emt 0:02:38]} 17. Nxd4 {[%emt 0:00:32]} Rae8 {[%emt 0:02:29]} 18. Qe1 {[%emt 0:00:53]} Re7 {[%emt 0:05:45]} 19. Qg3 {[%emt 0:01:47]} f6 {[%emt 0:04:05]} 20. e6 {[%emt 0:00:49]} Qe8 {[%emt 0:02:49]} 21. Rf4 {[%emt 0:01:38]} b6 {[%emt 0:04:30]} 22. b4 {[%emt 0:04:21]} Bb7 {[%emt 0:02:24]} 23. b5 {[%emt 0:05:30]} c5 {[%emt 0:00:56]} 24. bxc6 {[%emt 0:00:23]} Bxc6 {[%emt 0:00:12]} 25. Rf3 {[%emt 0:03:18]} Bb7 {[%emt 0:04:36]} 26. a4 {[%emt 0:01:45]} Qh5 {[%emt 0:03:56]} 27. Qd6 {[%emt 0:01:15]} Rfe8 {[%emt 0:03:43]} 28. Raa3 {[%emt 0:02:00]} Qh4 {[%emt 0:03:53]} 29. Qb4 {[%emt 0:02:51]} Rc7 {[%emt 0:02:00]} 30. Qd2 {[%emt 0:03:09]} Ba6 {[%emt 0:03:03]} 31. Rf4 {[%emt 0:01:32]} Qg5 {[%emt 0:01:28]} 32. Rg3 {[%emt 0:01:20]} Qh6 {[%emt 0:00:13]} 33. c3 {[%emt 0:03:56]} Rc4 {[%emt 0:01:59]} 34. Rh3 {[%emt 0:01:23]} Qg5 {[%emt 0:00:23]} 35. g4 {[%emt 0:00:33]} g6 {[%emt 0:03:22]} 36. Kf2 {[%emt 0:14:56]} Rxa4 {[%emt 0:03:12]} 37. Kg3 {[%emt 0:01:06]} Bc4 {[%emt 0:02:41]} 38. Nf3 {[%emt 0:01:02]} Ra2 {[%emt 0:03:59]} 39. Qd4 {[%emt 0:02:54]} Bf1 {[%emt 0:01:12]} 40. Nxg5 {[%emt 0:00:44]} Bxh3 {[%emt 0:02:19]} 41. Nxh3 {[%emt 0:30:16]} g5 {[%emt 0:32:01]} 1-0

[Event "DVM U12 2021-22"]
[Site "Naumburg"]
[Date "2022.03.27"]
[Round "5"]
[White "Moldovan, Tudor"]
[Black "Kalinin, Alexey"]
[Result "1-0"]
[WhiteElo "1219"]
[BlackElo "1341"]
[Annotator "NA"]
[PlyCount "39"]
[EventDate "2022.03.25"]
[EventType "team-tourn"]
[EventRounds "7"]
[EventCountry "GER"]
[SourceTitle "playchess.com"]
[Source "ChessBase"]
[SourceQuality "1"]
[TimeControl "40/5400+30:1800+30"]

1. d4 {[%emt 0:00:05]} d5 {[%emt 0:00:16]} 2. Nf3 {[%emt 0:00:05]} e6 {[%emt 0:00:40]} 3. e3 {[%emt 0:00:06]} f5 {[%emt 0:00:32]} 4. Bd3 {[%emt 0:00:11]} Nf6 {[%emt 0:00:38]} 5. Nbd2 {[%emt 0:00:11]} Bd6 {[%emt 0:01:02]} 6. b3 {[%emt 0:00:11]} O-O {[%emt 0:00:51]} 7. Bb2 {[%emt 0:00:18]} b6 {[%emt 0:00:56]} 8. Ne5 {[%emt 0:00:38]} Bb7 {[%emt 0:01:09]} 9. O-O {[%emt 0:00:40]} Nbd7 {[%emt 0:01:06]} 10. f4 {[%emt 0:00:18]} Rc8 {[%emt 0:01:20]} 11. Rf3 {[%emt 0:01:24]} Ne4 {[%emt 0:00:43]} 12. Rh3 {[%emt 0:00:45]} Ndf6 {[%emt 0:00:59]} 13. c4 {[%emt 0:01:41]} c6 {[%emt 0:00:34]} 14. Rc1 {[%emt 0:00:48]} Re8 {[%emt 0:09:36]} 15. Nxe4 {[%emt 0:05:23]} Nxe4 {[%emt 0:01:50]} 16. Bxe4 {[%emt 0:00:50]} fxe4 {[%emt 0:02:05]} 17. Qh5 {[%emt 0:02:23]} h6 {[%emt 0:22:09]} 18. Qf7+ {[%emt 0:10:02]} Kh7 {[%emt 0:00:31]} 19. Rxh6+ {[%emt 0:00:23]} Kxh6 {[%emt 0:00:38]} 20. Qg6# 1-0

[Event "DVM U12 2021-22"]
[Site "Naumburg"]
[Date "2022.03.27"]
[Round "5"]
[White "Aaron Joel N"]
[Black "Börner, Eric"]
[Result "0-1"]
[WhiteElo "1197"]
[BlackElo "1134"]
[Annotator "NA"]
[PlyCount "76"]
[EventDate "2022.03.25"]
[EventType "team-tourn"]
[EventRounds "7"]
[EventCountry "GER"]
[SourceTitle "playchess.com"]
[Source "ChessBase"]
[SourceQuality "1"]
[TimeControl "40/5400+30:1800+30"]

1. e4 {[%emt 0:00:02]} e5 {[%emt 0:00:05]} 2. Nf3 {[%emt 0:00:04]} Nc6 {[%emt 0:00:04]} 3. Bc4 {[%emt 0:00:13]} Bc5 {[%emt 0:00:10]} 4. b4 {[%emt 0:00:07]} Bxb4 {[%emt 0:00:23]} 5. c3 {[%emt 0:00:07]} Be7 {[%emt 0:01:02]} 6. d4 {[%emt 0:00:22]} Na5 {[%emt 0:00:28]} 7. Nxe5 {[%emt 0:00:36]} Nxc4 {[%emt 0:00:22]} 8. Nxc4 {[%emt 0:00:26]} d5 {[%emt 0:00:22]} 9. exd5 {[%emt 0:00:51]} Qxd5 {[%emt 0:00:12]} 10. Ne3 {[%emt 0:01:09]} Qc6 {[%emt 0:01:17]} 11. Nd2 {[%emt 0:01:35]} Nf6 {[%emt 0:03:58]} 12. Bb2 {[%emt 0:01:15]} O-O {[%emt 0:03:02]} 13. O-O {[%emt 0:00:28]} b6 {[%emt 0:03:31]} 14. Qf3 {[%emt 0:00:23]} Bb7 {[%emt 0:01:37]} 15. Qg3 {[%emt 0:01:36]} Bd6 {[%emt 0:03:30]} 16. Qf3 {[%emt 0:02:48]} Ne4 {[%emt 0:04:07]} 17. Nxe4 {[%emt 0:02:22]} Qxe4 {[%emt 0:00:06]} 18. d5 {[%emt 0:01:51]} Qxf3 {[%emt 0:00:19]} 19. gxf3 {[%emt 0:00:34]} Rfe8 {[%emt 0:03:41]} 20. Kh1 {[%emt 0:00:48]} Rad8 {[%emt 0:01:53]} 21. Rg1 {[%emt 0:00:37]} g6 {[%emt 0:01:46]} 22. c4 {[%emt 0:01:14]} Be5 {[%emt 0:06:45]} 23. Bxe5 {[%emt 0:00:42]} Rxe5 {[%emt 0:00:44]} 24. Rg4 {[%emt 0:01:13]} Kf8 {[%emt 0:06:01]} 25. Rh4 {[%emt 0:01:13]} h5 {[%emt 0:02:53]} 26. Rb1 {[%emt 0:01:48]} c6 {[%emt 0:01:45]} 27. c5 {[%emt 0:01:37]} cxd5 {[%emt 0:02:45]} 28. cxb6 {[%emt 0:01:51]} axb6 {[%emt 0:06:09]} 29. Rxb6 {[%emt 0:01:16]} d4 {[%emt 0:05:33]} 30. Rxb7 {[%emt 0:00:24]} dxe3 {[%emt 0:01:02]} 31. fxe3 {[%emt 0:00:26]} Rxe3 {[%emt 0:01:02]} 32. Rf4 {[%emt 0:00:27]} f5 {[%emt 0:01:38]} 33. Ra7 {[%emt 0:01:00]} Re2 {[%emt 0:00:42]} 34. Rd4 {[%emt 0:02:06]} Rxd4 {[%emt 0:00:15]} 35. Ra8+ {[%emt 0:00:10]} Kg7 {[%emt 0:00:20]} 36. Ra7+ {[%emt 0:00:56]} Kh6 {[%emt 0:00:12]} 37. Rh7+ {[%emt 0:00:18]} Kxh7 {[%emt 0:00:11]} 38. a4 {[%emt 0:00:07]} Rd1# {[%emt 0:00:13]} 0-1

[Event "DVM U12 2021-22"]
[Site "Naumburg"]
[Date "2022.03.27"]
[Round "5"]
[White "Schriefer, Leo Hans"]
[Black "Schimann, Kirill"]
[Result "0-1"]
[WhiteElo "1037"]
[BlackElo "1344"]
[Annotator "NA"]
[PlyCount "72"]
[EventDate "2022.03.25"]
[EventType "team-tourn"]
[EventRounds "7"]
[EventCountry "GER"]
[SourceTitle "playchess.com"]
[Source "ChessBase"]
[SourceQuality "1"]
[TimeControl "40/5400+30:1800+30"]

1. e4 {[%emt 0:00:01]} c6 {[%emt 0:00:06]} 2. d4 {[%emt 0:00:05]} d5 {[%emt 0:00:04]} 3. exd5 {[%emt 0:00:02]} cxd5 {[%emt 0:00:08]} 4. Bd3 {[%emt 0:00:05]} Nc6 {[%emt 0:00:09]} 5. c3 {[%emt 0:00:27]} Nf6 {[%emt 0:00:24]} 6. h3 {[%emt 0:00:09]} e6 {[%emt 0:00:40]} 7. Nf3 {[%emt 0:00:16]} Bd6 {[%emt 0:02:05]} 8. Bg5 {[%emt 0:00:19]} h6 {[%emt 0:00:58]} 9. Bxf6 {[%emt 0:00:34]} Qxf6 {[%emt 0:00:49]} 10. O-O {[%emt 0:01:07]} O-O {[%emt 0:01:03]} 11. Nbd2 {[%emt 0:00:49]} a6 {[%emt 0:02:28]} 12. Re1 {[%emt 0:01:21]} Re8 {[%emt 0:01:59]} 13. Rc1 {[%emt 0:01:16]} e5 {[%emt 0:02:11]} 14. dxe5 {[%emt 0:00:45]} Nxe5 {[%emt 0:00:42]} 15. Nxe5 {[%emt 0:00:20]} Rxe5 {[%emt 0:00:58]} 16. Nf3 {[%emt 0:00:55]} Rxe1+ {[%emt 0:00:59]} 17. Nxe1 {[%emt 0:02:07]} Be6 {[%emt 0:03:21]} 18. a3 {[%emt 0:02:14]} Rc8 {[%emt 0:04:25]} 19. Nf3 {[%emt 0:02:01]} Bf4 {[%emt 0:01:30]} 20. Rc2 {[%emt 0:01:29]} Bd6 {[%emt 0:00:32]} 21. Nd4 {[%emt 0:01:13]} Be5 {[%emt 0:04:46]} 22. Re2 {[%emt 0:02:30]} Bxd4 {[%emt 0:00:48]} 23. cxd4 {[%emt 0:00:22]} Qg5 {[%emt 0:02:52]} 24. Re3 {[%emt 0:03:10]} Bxh3 {[%emt 0:00:44]} 25. Qf3 {[%emt 0:07:41]} Be6 {[%emt 0:18:17]} 26. g3 {[%emt 0:05:25]} Bg4 {[%emt 0:06:34]} 27. Qg2 {[%emt 0:06:41]} Rc1+ {[%emt 0:01:56]} 28. Bf1 {[%emt 0:00:20]} Qh5 {[%emt 0:01:49]} 29. Re5 {[%emt 0:00:22]} g5 {[%emt 0:03:57]} 30. Rxd5 {[%emt 0:01:44]} Bh3 {[%emt 0:00:50]} 31. Rd8+ {[%emt 0:00:28]} Kg7 {[%emt 0:00:13]} 32. g4 {[%emt 0:00:54]} Qh4 {[%emt 0:03:35]} 33. Qg3 {[%emt 0:00:41]} Rxf1+ {[%emt 0:00:30]} 34. Kh2 {[%emt 0:00:13]} Rxf2+ {[%emt 0:00:29]} 35. Qxf2 {[%emt 0:00:22]} Qxf2+ {[%emt 0:00:10]} 36. Kh1 {[%emt 0:00:04]} Qg2# 0-1

[Event "DVM U12 2021-22"]
[Site "Naumburg"]
[Date "2022.03.27"]
[Round "5"]
[White "Könnecke, Maximilian"]
[Black "Savchenko, Maxim"]
[Result "0-1"]
[WhiteElo "929"]
[BlackElo "1141"]
[Annotator "NA"]
[PlyCount "86"]
[EventDate "2022.03.25"]
[EventType "team-tourn"]
[EventRounds "7"]
[EventCountry "GER"]
[SourceTitle "playchess.com"]
[Source "ChessBase"]
[SourceQuality "1"]
[TimeControl "40/5400+30:1800+30"]

1. d4 {[%emt 0:00:04]} e5 {[%emt 0:00:09]} 2. dxe5 {[%emt 0:00:10]} Nc6 {[%emt 0:00:08]} 3. f4 {[%emt 0:00:53]} f6 {[%emt 0:02:24]} 4. exf6 {[%emt 0:01:39]} Nxf6 {[%emt 0:00:18]} 5. e3 {[%emt 0:01:04]} d5 {[%emt 0:00:26]} 6. Bb5 {[%emt 0:02:31]} Bd7 {[%emt 0:02:05]} 7. Nf3 {[%emt 0:01:23]} Bc5 {[%emt 0:04:12]} 8. c3 {[%emt 0:02:13]} a6 {[%emt 0:02:03]} 9. Bxc6 {[%emt 0:02:12]} Bxc6 {[%emt 0:00:16]} 10. Ne5 {[%emt 0:02:50]} Qe7 {[%emt 0:04:25]} 11. Qf3 {[%emt 0:03:48]} g6 {[%emt 0:09:13]} 12. Nxc6 {[%emt 0:00:48]} bxc6 {[%emt 0:00:53]} 13. O-O {[%emt 0:03:33]} O-O {[%emt 0:00:54]} 14. b4 {[%emt 0:01:59]} Bb6 {[%emt 0:00:48]} 15. Re1 {[%emt 0:01:21]} Qe6 {[%emt 0:01:01]} 16. Nd2 {[%emt 0:10:18]} Rfe8 {[%emt 0:03:20]} 17. h3 {[%emt 0:05:48]} d4 {[%emt 0:08:39]} 18. cxd4 {[%emt 0:01:59]} Bxd4 {[%emt 0:00:12]} 19. Rb1 {[%emt 0:00:07]} Rad8 {[%emt 0:05:08]} 20. Nb3 {[%emt 0:02:46]} Bc3 {[%emt 0:05:07]} 21. Nc5 {[%emt 0:05:53]} Qxa2 {[%emt 0:01:28]} 22. Bd2 {[%emt 0:06:27]} Bxd2 {[%emt 0:01:08]} 23. Red1 {[%emt 0:04:25]} Bxe3+ {[%emt 0:01:40]} 24. Kh2 {[%emt 0:00:45]} Rxd1 {[%emt 0:02:39]} 25. Rxd1 {[%emt 0:00:12]} Bxc5 {[%emt 0:00:24]} 26. Qxc6 {[%emt 0:00:17]} Be7 {[%emt 0:01:42]} 27. Qxc7 {[%emt 0:02:07]} Qa4 {[%emt 0:04:24]} 28. Qc4+ {[%emt 0:01:23]} Kf8 {[%emt 0:00:32]} 29. Re1 {[%emt 0:04:32]} Qxb4 {[%emt 0:03:30]} 30. Qe2 {[%emt 0:06:29]} Qxf4+ {[%emt 0:03:21]} 31. g3 {[%emt 0:01:38]} Qb4 {[%emt 0:01:51]} 32. Qe3 {[%emt 0:02:43]} Bc5 {[%emt 0:03:43]} 33. Qh6+ {[%emt 0:00:38]} Kf7 {[%emt 0:01:06]} 34. Rf1 {[%emt 0:01:34]} Qb2+ {[%emt 0:00:44]} 35. Kh1 {[%emt 0:00:16]} Re2 {[%emt 0:00:45]} 36. Qxh7+ {[%emt 0:00:09]} Ke6 {[%emt 0:00:39]} 37. Rxf6+ {[%emt 0:01:41]} Qxf6 {[%emt 0:00:52]} 38. Qg8+ {[%emt 0:00:16]} Kf5 {[%emt 0:01:12]} 39. Qc8+ {[%emt 0:00:18]} Kg5 {[%emt 0:01:10]} 40. Qxc5+ {[%emt 0:00:37]} Kh6 {[%emt 0:01:43]} 41. Qc1+ {[%emt 0:31:37]} g5 {[%emt 0:30:42]} 42. h4 {[%emt 0:01:43]} Qf3+ {[%emt 0:00:20]} 43. Kg1 {[%emt 0:00:21]} Qg2# 0-1

[Event "DVM U12 2021-22"]
[Site "Naumburg"]
[Date "2022.03.28"]
[Round "6"]
[White "Graham, David B"]
[Black "Smith, Tobias"]
[Result "0-1"]
[WhiteElo "2128"]
[BlackElo "1571"]
[Annotator "ChessBase"]
[PlyCount "144"]
[EventDate "2022.03.25"]
[EventType "team-tourn"]
[EventRounds "7"]
[EventCountry "GER"]
[SourceTitle "playchess.com"]
[Source "ChessBase"]
[SourceQuality "1"]
[TimeControl "40/5400+30:1800+30"]

1. e4 {[%emt 0:00:03]} c5 {[%emt 0:00:07]} 2. Nf3 {[%emt 0:00:03]} g6 {[%emt 0:00:09]} 3. d4 {[%emt 0:00:02]} cxd4 {[%emt 0:00:07]} 4. Nxd4 {[%emt 0:00:07]} Nc6 {[%emt 0:00:09]} 5. c4 {[%emt 0:00:08]} Bg7 {[%emt 0:00:47]} 6. Be3 {[%emt 0:00:06]} Nf6 {[%emt 0:00:08]} 7. Nc3 {[%emt 0:00:11]} Ng4 {[%emt 0:01:12]} 8. Qxg4 {[%emt 0:00:09]} Nxd4 {[%emt 0:00:07]} 9. Qd1 {[%emt 0:00:02]} e5 {[%emt 0:00:10]} 10. Bd3 {[%emt 0:00:24]} d6 {[%emt 0:02:52]} 11. O-O {[%emt 0:00:45]} O-O {[%emt 0:00:27]} 12. Qd2 {[%emt 0:03:46]} Qa5 {[%emt 0:06:59]} 13. Nd5 {[%emt 0:06:09]} Qxd2 {[%emt 0:16:45]} 14. Bxd2 {[%emt 0:00:22]} Be6 {[%emt 0:06:53]} 15. Rac1 {[%emt 0:06:18]} Kh8 {[%emt 0:05:06]} 16. Kh1 {[%emt 0:08:56]} h5 {[%emt 0:06:57]} 17. Bc3 {[%emt 0:03:02]} Rac8 {[%emt 0:05:22]} 18. Bxd4 {[%emt 0:01:42]} exd4 {[%emt 0:00:06]} 19. Rfd1 {[%emt 0:02:14]} h4 {[%emt 0:02:45]} 20. h3 {[%emt 0:02:11]} g5 {[%emt 0:07:05]} 21. Be2 {[%emt 0:01:07]} Be5 {[%emt 0:01:28]} 22. Bg4 {[%emt 0:08:47]} Kg7 {[%emt 0:03:36]} 23. b4 {[%emt 0:14:57]} Bxd5 {[%emt 0:11:55]} 24. cxd5 {[%emt 0:07:55]} Rc3 {[%emt 0:01:15]} 25. Bd7 {[%emt 0:13:52]} Bf4 {[%emt 0:05:19]} 26. Rxc3 {[%emt 0:02:02]} dxc3 {[%emt 0:00:15]} 27. Ba4 {[%emt 0:00:24]} Rc8 {[%emt 0:01:22]} 28. Bc2 {[%emt 0:00:16]} Re8 {[%emt 0:02:11]} 29. Rd4 {[%emt 0:02:30]} b5 {[%emt 0:01:38]} 30. Rd1 {[%emt 0:02:12]} Bd2 {[%emt 0:01:15]} 31. Kg1 {[%emt 0:01:23]} Kf6 {[%emt 0:00:57]} 32. Kf1 {[%emt 0:01:23]} a5 {[%emt 0:01:55]} 33. bxa5 {[%emt 0:03:35]} Ra8 {[%emt 0:00:50]} 34. Ke2 {[%emt 0:00:42]} Rxa5 {[%emt 0:00:42]} 35. Bb3 {[%emt 0:00:23]} Ke5 {[%emt 0:02:48]} 36. Kd3 {[%emt 0:05:03]} Kf4 {[%emt 0:02:02]} 37. Rg1 {[%emt 0:01:07]} Ra7 {[%emt 0:00:28]} 38. g3+ {[%emt 0:01:38]} hxg3 {[%emt 0:00:38]} 39. Rxg3 {[%emt 0:00:11]} f6 {[%emt 0:00:24]} 40. Bd1 {[%emt 0:01:40]} Ke5 {[%emt 0:02:05]} 41. Bb3 {[%emt 0:06:13]} Rh7 {[%emt 0:05:20]} 42. Bc2 {[%emt 0:02:35]} Rh4 {[%emt 0:07:38]} 43. Ke2 {[%emt 0:03:10]} Kd4 {[%emt 0:05:21]} 44. Rf3 {[%emt 0:04:42]} Bf4 {[%emt 0:02:58]} 45. Bd3 {[%emt 0:03:47]} Be5 {[%emt 0:02:22]} 46. Re3 {[%emt 0:03:01]} Kc5 {[%emt 0:02:33]} 47. a3 {[%emt 0:05:35]} Rh8 {[%emt 0:02:38]} 48. Kf3 {[%emt 0:03:27]} Bd4 {[%emt 0:02:36]} 49. Re1 {[%emt 0:00:14]} Rxh3+ {[%emt 0:00:11]} 50. Ke2 {[%emt 0:00:06]} Rh2 {[%emt 0:00:33]} 51. Rb1 {[%emt 0:00:55]} Rxf2+ {[%emt 0:00:59]} 52. Ke1 {[%emt 0:00:20]} Rb2 {[%emt 0:00:23]} 53. Rxb2 {[%emt 0:00:40]} cxb2 {[%emt 0:00:05]} 54. Ke2 {[%emt 0:01:24]} g4 {[%emt 0:01:49]} 55. Kf1 {[%emt 0:00:19]} g3 {[%emt 0:00:09]} 56. Kg2 {[%emt 0:00:15]} Bf2 {[%emt 0:00:09]} 57. Bb1 {[%emt 0:00:32]} Kc4 {[%emt 0:00:33]} 58. Ba2+ {[%emt 0:00:23]} Kc3 {[%emt 0:00:16]} 59. Bb1 {[%emt 0:00:16]} Kd2 {[%emt 0:01:11]} 60. Ba2 {[%emt 0:00:17]} Kc1 {[%emt 0:00:11]} 61. e5 {[%emt 0:00:55]} fxe5 {[%emt 0:00:11]} 62. Kf3 {[%emt 0:00:06]} b1=Q {[%emt 0:00:19]} 63. Bxb1 {[%emt 0:00:12]} Kxb1 {[%emt 0:00:04]} 64. a4 bxa4 {[%emt 0:00:07]} 65. Kg2 {[%emt 0:00:33]} a3 {[%emt 0:00:13]} 66. Kh3 {[%emt 0:00:04]} a2 {[%emt 0:00:14]} 67. Kg2 {[%emt 0:00:02]} a1=Q {[%emt 0:00:17]} 68. Kf3 {[%emt 0:00:52]} Qc3+ {[%emt 0:00:18]} 69. Kg4 {[%emt 0:00:28]} g2 {[%emt 0:00:14]} 70. Kf5 {[%emt 0:00:12]} g1=Q {[%emt 0:00:10]} 71. Ke6 {[%emt 0:00:09]} Qc8+ {[%emt 0:00:05]} 72. Ke7 {[%emt 0:00:31]} Bh4+ {[%emt 0:00:18]} 0-1

[Event "DVM U12 2021-22"]
[Site "Naumburg"]
[Date "2022.03.28"]
[Round "6"]
[White "Ermitsch, Magnus"]
[Black "Haubold, Sebastian Marcel"]
[Result "1-0"]
[WhiteElo "2127"]
[BlackElo "1869"]
[Annotator "TA"]
[PlyCount "119"]
[EventDate "2022.03.25"]
[EventType "team-tourn"]
[EventRounds "7"]
[EventCountry "GER"]
[SourceTitle "playchess.com"]
[Source "ChessBase"]
[SourceQuality "1"]

{[%evp 21,119,25,21,21,28,24,25,24,25,19,50,23,25,17,14,22,22,29,74,8,39,0,0,8,0,15,145,116,120,118,191,188,443,414,406,239,490,31,31,31,38,35,31,31,31,31,562,547,683,541,778,742,785,781,785,665,1973,1216,6279,6147,12849,6190,5632,3766,6203,29961,6024,6311,29977,29978,29978,29979,29973,6637,29983,29984,29980,29982,29986,29987,29988,29989,29989,29989,29990,29991,29991,29992,29992,29993,29993,29994,29994,29994,29995,29996,29996,29996,29997,5410]} 1. e4 e5 2. Nf3 Nc6 3. Bb5 {[%cal Bf1b5,Bb5a4,Ba4b3,Bb3d5][%mdl 32]} a6 4. Ba4 Nf6 5. O-O Be7 6. d3 b5 7. Bb3 O-O 8. a4 Bb7 9. Nc3 b4 10. Nd5 Nxd5 11. Bxd5 d6 12. c3 {C84: Closed Ruy Lopez: Unusual White 6th moves.} bxc3 13. bxc3 Na5 14. Bxb7 {White has an edge.} Nxb7 15. Be3 {[#]} Qd7 $146 ({Predecessor:} 15... Bf6 16. Rb1 Na5 17. d4 exd4 18. cxd4 Re8 19. Qd3 Nc6 20. Qc4 Nb8 21. Rfc1 c6 22. Rb7 Re7 23. Qb3 Nd7 24. Rxc6 Rxe4 25. Rxd6 {1-0 (25) Gavric,M (2397)-Obuca,B (2109) Bihac 2016}) 16. Qb3 Rfb8 17. Rfb1 Nd8 18. Qxb8 Rxb8 19. Rxb8 f6 (19... f5 $1 $11 {might be stronger.}) 20. c4 {White is much more active.} (20. d4 $16) 20... Kf7 21. Ne1 {[%cal Bf3e1,Be1c2,Bc2b4][%mdl 32]} (21. Ra8 $5 {[%cal Ra8a6]}) 21... Nc6 22. Rb7 Na5 23. Ra7 Qc6 (23... Qc8 $1 $11) 24. Nc2 {aiming for Nb4.} Nb3 {[#]} 25. Nb4 $1 {[%csl LRa6,LRc6]} Qd7 (25... Qe8 $16 {keeps fighting.} 26. Rb1 (26. Ra3 Nd4 $14) 26... Qxa4) 26. Ra3 $18 Nd4 (26... d5) 27. Bxd4 exd4 28. h3 {Inhibits Qg4.} (28. Nxa6 $142 Bd8 29. Ra1) 28... a5 $2 (28... Kg6 {is a better defense.}) 29. Rxa5 $2 ({White must play} 29. Nd5 $18 Bd8 30. Rb3) 29... c6 $14 {[%cal Od6d5] Hoping for ...d5!} 30. Ra1 {Strongly threatening Ra6.} Qb7 {[#]} 31. Nxc6 Qxc6 32. Rb5 Qa6 33. a5 {Rb6 is the strong threat.} h6 $2 {[%mdl 8192] This move loses the game for Black.} ({Black should try} 33... Bd8 $14) 34. Rb6 $18 Qa7 {[#]} 35. a6 $1 {[%mdl 512]} Qxb6 (35... Ke6 36. Rb7) 36. a7 Qxa7 37. Rxa7 {[%mdl 4096] Endgame KR-KB} Ke6 38. f4 g6 39. g4 {Black must now prevent f5+.} Bf8 40. Kg2 {Threatening mate with f5+.} f5 41. Kf3 (41. gxf5+ $142 gxf5 42. exf5+ Kf6 43. Kf3) 41... Kf6 42. Ra6 fxg4+ 43. hxg4 Kf7 44. f5 {Intending fxg6+ and mate.} gxf5 45. gxf5 h5 46. Kg3 Be7 47. Ra7 (47. Kf4 $142 h4 48. Kg4 Kg8 49. f6 Bxf6 50. Rxd6 Be5 51. Rd5 Bg3 52. c5) 47... Kf8 {[#]} 48. Rxe7 $1 {White mates.} Kxe7 {KP-KP} 49. Kh4 Kf6 50. Kxh5 Ke5 51. Kg5 d5 52. cxd5 Kd6 53. f6 {[%cal Bf5f6,Bf6f7][%mdl 32]} Kd7 54. e5 {[%cal Be4e5,Be5e6][%mdl 32]} Ke8 55. e6 Kd8 56. f7 Ke7 57. d6+ Kf8 58. d7 Ke7 59. Kf5 Kf8 60. d8=Q+ {Weighted Error Value: White=0.37/Black=0.77} 1-0

[Event "DVM U12 2021-22"]
[Site "Naumburg"]
[Date "2022.03.28"]
[Round "6"]
[White "Klaska, Philipp Leon"]
[Black "Middendorf, Sven-Jonas"]
[Result "1-0"]
[WhiteElo "1959"]
[BlackElo "1424"]
[Annotator "RC"]
[PlyCount "49"]
[EventDate "2022.03.25"]
[EventType "team-tourn"]
[EventRounds "7"]
[EventCountry "GER"]
[SourceTitle "playchess.com"]
[Source "ChessBase"]
[SourceQuality "1"]
[TimeControl "40/5400+30:1800+30"]

1. d4 {[%emt 0:00:17]} Nf6 {[%emt 0:00:06]} 2. c4 {[%emt 0:00:03]} e6 {[%emt 0:00:04]} 3. Nc3 {[%emt 0:00:04]} d5 {[%emt 0:00:09]} 4. cxd5 {[%emt 0:00:13]} exd5 {[%emt 0:00:07]} 5. Bg5 {[%emt 0:00:09]} Nbd7 {[%emt 0:01:15]} 6. e3 {[%emt 0:00:43]} c6 {[%emt 0:00:36]} 7. Bd3 {[%emt 0:00:53]} Bd6 {[%emt 0:03:46]} 8. Qc2 {[%emt 0:03:58]} h6 {[%emt 0:06:31]} 9. Bh4 {[%emt 0:00:34]} g5 {[%emt 0:09:54]} 10. Bg3 {[%emt 0:00:36]} Bxg3 {[%emt 0:04:54]} 11. hxg3 {[%emt 0:00:17]} c5 {[%emt 0:01:05]} 12. dxc5 {[%emt 0:10:40]} Nxc5 {[%emt 0:01:46]} 13. Nf3 {[%emt 0:01:04]} Ng4 {[%emt 0:10:19]} 14. Bb5+ {[%emt 0:06:41]} Bd7 {[%emt 0:01:38]} 15. Bxd7+ {[%emt 0:00:42]} Nxd7 {[%emt 0:00:26]} 16. Nxd5 {[%emt 0:08:38]} Rc8 {[%emt 0:05:14]} 17. Qe4+ {[%emt 0:03:11]} Nde5 {[%emt 0:01:48]} 18. Nxe5 {[%emt 0:01:39]} Nxe5 {[%emt 0:06:33]} 19. Qxe5+ {[%emt 0:00:28]} Kd7 {[%emt 0:00:10]} 20. Nf6+ {[%emt 0:01:38]} Kc6 {[%emt 0:00:08]} 21. O-O {[%emt 0:00:26]} a6 {[%emt 0:01:20]} 22. Rfd1 {[%emt 0:00:57]} Qf8 {[%emt 0:00:16]} 23. Rac1+ {[%emt 0:00:14]} Kb6 {[%emt 0:00:13]} 24. Nd7+ {[%emt 0:00:04]} Ka7 {[%emt 0:00:26]} 25. Nxf8 {[%emt 0:00:25]} 1-0